000 01796nam a2200553 i 4500
001 46633
003 KOSZ 005
005 20230118113326.0
008 050110s2004 pl a |000 0 pol
015 _aUWD 2005/1497
020 _a8389275260
035 _a991025778269705066
035 _a(PL-WaBN)b17019205-48omnis_nlop
035 _ab17019205
035 _a(OCoLC)749885825
035 _azz2005901462
035 _a(PL)b0000001701920
035 _a(EXLNZ-48OMNIS_NETWORK)9910402458605606
040 _aWA N
_cWA N
_dKOSZ 005/HR
041 0 _apol
046 _k2004
080 _a658.56
080 _a005.6
080 _a517
080 _a519.87
080 _a(075.8)
100 1 _aBorkowski, Stanisław
_d(1945- )
_eAutor
245 1 0 _aMierzenie poziomu jakości /
_cStanisław Borkowski.
260 _aSosnowiec :
_bWydawnictwo Wyższej Szkoły Zarządzania i Marketingu,
_ccop. 2004.
300 _a155 s. :
_brys., wykr. ;
_c24 cm.
336 _aTekst
_btxt
_2rdacontent
337 _aBez urządzenia pośredniczącego
_bn
_2rdamedia
338 _aWolumin
_bnc
_2rdacarrier
380 _aKsiążki
388 _a2001-
504 _aBibliogr. przy rozdz.
650 7 _aJakość produktu
_2DBN
650 7 _aMatematyka stosowana
_2DBN
650 7 _aWykres
_2DBN
650 7 _aZarządzanie jakością
655 7 _aPodręczniki akademickie
_2DBN
658 _aMatematyka
658 _aGospodarka, ekonomia, finanse
658 _aZarządzanie i marketing
710 _aWydawnictwo Wyższej Szkoły Zarządzania i Marketingu (Sosnowiec)
_4pbl
856 _uhttp://koha.tu.koszalin.pl/cgi-bin/koha/opac-detail.pl?biblionumber=46633
_yKatalog online BPK
942 _2UKD
_cKS
999 _c46633
_d46633